Portfólio v podnikateľských aktivitách

Portfólio a jeho druhy. Meranie rizika portfólia, znižovanie rizika diverzifikáciou cenných papierov a výpočet rizika. Citlivosť cenných papierov na zmenu trhových podmienok.

Salvato in:
Dettagli Bibliografici
Autore principale: Trnovský, Juraj
Natura: Capitolo di libro
Lingua:slovacco
Soggetti:
Tags: Aggiungi Tag
Nessun Tag, puoi essere il primo ad aggiungerne!!

MARC

LEADER 00000naa a2200000 4500
001 r017890
005 20221205103250.6
041 0 |a slo 
044 |a SK 
245 1 0 |a Portfólio v podnikateľských aktivitách  |c Juraj Trnovský 
520 |a Portfólio a jeho druhy. Meranie rizika portfólia, znižovanie rizika diverzifikáciou cenných papierov a výpočet rizika. Citlivosť cenných papierov na zmenu trhových podmienok. 
610 2 0 |a portfólio 
610 2 0 |a podnikanie 
610 2 0 |a riziko 
610 2 0 |a obligácie 
610 2 0 |a trh kapitálový 
610 2 0 |a diverzifikácia 
610 2 0 |a metódy štatistické 
610 2 0 |a papiere cenné 
100 1 |a Trnovský, Juraj